000 01203 a2200301 4500
005 20081006103055.0
008 081006t xxu||||| |||| 00| 0 eng d
010 _aENG-91135
020 _a9780070265103
_c325.00
020 _a0070265100
035 _aEN-74668
037 _bDBAD / PUB
040 _adpl
_bEnglish
082 _a629.892
100 _aFu, K.S.
_qFu, King Sun
110 _aAppin Knowledge solutions
245 _aRobotics:
_cby K.S. Fu, R.C. Gonzalez [and] C.S.G. Lee
_bcontrol, sensing, vision and intelligence /
260 _aNew Delhi
_bTata McGraw-Hill Publishing
_c2008
270 _a7 West Patel Nagar,
_bNew Delhi
_e110008
300 _axiii, 580p.
_c24cm (Pbk )
_bill.
490 _aMcGraw-Hill series in CAD/CAM robotics and computer vision
500 _aIncludes bibliogaraphical references and index
650 _aRobotics
700 _aGonzalez, R.C.
_qGonzalez, Rafael C.
700 _aLee, C.S.G.
_qLee, C.S. George
942 _adpl
_cEN
_2ddc
_h629.892
_mFUK
999 _c16225
_d16225